مكتبة جامعة عجلون الوطنية

فهرس بحث المكتبة

Normal view MARC view
  • New Headway Pre-Intermediate -Workbook Without Key

Entry Topical Term

Number of records used in: 1

001 - CONTROL NUMBER

  • control field: 3489

003 - CONTROL NUMBER IDENTIFIER

  • control field: JO-AjAnu

005 - DATE AND TIME OF LATEST TRANSACTION

  • control field: 20230606070856.0

008 - FIXED-LENGTH DATA ELEMENTS

  • fixed length control field: 230606|| aca||aabn | a|a d

040 ## - CATALOGING SOURCE

  • Original cataloging agency: JO-AjAnu
  • Transcribing agency: JO-AjAnu

150 ## - HEADING--TOPICAL TERM

  • Topical term or geographic name entry element: New Headway Pre-Intermediate -Workbook Without Key

670 ## - SOURCE DATA FOUND

  • Source citation: Work cat.: (JO-AjAnu)1820: Liz,Soars تأليف/john م.مشارك/Wheeldon,Sylvia م.مشارك, author 3488, New Headway Pre-Intermediate :Workbook Without Key